书目信息 |
| 题名: |
药物设计学
|
|
| 作者: | 仇缀百 主编 | |
| 分册: | ||
| 出版信息: | 北京 高等教育出版社 1999.11 |
|
| 页数: | 296页 | |
| 开本: | 16开 | |
| 丛书名: | ||
| 单 册: | ||
| 中图分类: | R914.2 | |
| 科图分类: | ||
| 主题词: | 药物学:基础理论 | |
| 电子资源: | ||
| ISBN: | 7-04-447746-1 | |
| 000 | 00546nam0 2200193 45 | |
| 001 | 0106280801 | |
| 005 | 20010628084944.5 | |
| 010 | @a7-04-447746-1@d29.80元 | |
| 100 | @a20010628d1999 km y0chiy0120 ea | |
| 101 | 0 | @achi |
| 105 | @a z 000yy | |
| 200 | 1 | @a药物设计学@AYao Wu She Ji Xue@f仇缀百主编@FChou Zhui Bai Zhu Bian |
| 210 | @a北京@c高等教育出版社@d1999.11 | |
| 215 | @a296页@d16开 | |
| 606 | 0 | @a药物学:基础理论 |
| 690 | @aR914.2@v3 | |
| 701 | 0 | @a仇缀百@4主编 |
| 801 | @aCN@bPftUser@c20010628 | |
| 905 | @f5@b351017-021@dR914.2@eQ051 | |
| 药物设计学/仇缀百主编.-北京:高等教育出版社,1999.11 |
| 296页;16开 |
| ISBN 7-04-447746-1:29.80元 |
| ● |
| 相关链接 |
|
|
|
正题名:药物设计学
索取号:R914.2/Q051
 
预约/预借
| 序号 | 登录号 | 条形码 | 馆藏地/架位号 | 状态 | 备注 |
| 1 | 351017 | 203510174 | 自科二线504/504自科库 38排2列3层/ [索取号:R914.2/Q051] | 在馆 | |
| 2 | 351018 | 203510183 | 自科库401/401自科库 22排3列5层/ [索取号:R914.2/Q051] | 在馆 | |
| 3 | 351019 | 203510192 | 自科二线504/504自科库 38排2列3层/ [索取号:R914.2/Q051] | 在馆 | |
| 4 | 351020 | 203510209 | 自科库401/401自科库 22排3列5层/ [索取号:R914.2/Q051] | 在馆 | |
| 5 | 351021 | 203510218 | 自科库401/401自科库 22排3列5层/ [索取号:R914.2/Q051] | 在馆 |